<?xml version="1.0" encoding="UTF-8"?>
<record
    xmlns:xsi="http://www.w3.org/2001/XMLSchema-instance"
    xsi:schemaLocation="http://www.loc.gov/MARC21/slim http://www.loc.gov/standards/marcxml/schema/MARC21slim.xsd"
    xmlns="http://www.loc.gov/MARC21/slim">

  <leader>00984nam a22001817a 4500</leader>
  <controlfield tag="003">OSt</controlfield>
  <controlfield tag="005">20251221132951.0</controlfield>
  <controlfield tag="008">251221b        |||||||| |||| 00| 0 eng d</controlfield>
  <datafield tag="040" ind1=" " ind2=" ">
    <subfield code="c">DCL</subfield>
  </datafield>
  <datafield tag="082" ind1=" " ind2=" ">
    <subfield code="a">&#x1042;&#x1049;&#x1044;.&#x1043;&#x1044;&#x1042;</subfield>
  </datafield>
  <datafield tag="100" ind1="0" ind2=" ">
    <subfield code="a">&#x1016;&#x102C;&#x1038;&#x1021;&#x1031;&#x102C;&#x1000;&#x103A;&#x1010;&#x1031;&#x102C;&#x101B;&#x1006;&#x101B;&#x102C;&#x1010;&#x1031;&#x102C;&#x103A;&#x104B;</subfield>
  </datafield>
  <datafield tag="245" ind1="1" ind2="0">
    <subfield code="a">&#x101E;&#x102C;&#x101E;&#x1014;&#x102C;&#x1037;&#x1021;&#x1019;&#x103D;&#x1031;&#x1000;&#x102D;&#x102F; &#x1001;&#x1036;&#x101A;&#x1030;&#x1001;&#x103C;&#x1004;&#x103A;&#x1038;&#x1014;&#x103E;&#x1004;&#x1037;&#x103A; &#x1004;&#x102B;&#x101C;&#x102F;&#x1015;&#x103A;&#x1001;&#x103B;&#x1004;&#x103A;&#x1010;&#x102C; /</subfield>
    <subfield code="c">&#x1016;&#x102C;&#x1038;&#x1021;&#x1031;&#x102C;&#x1000;&#x103A;&#x1010;&#x1031;&#x102C;&#x101B;&#x1006;&#x101B;&#x102C;&#x1010;&#x1031;&#x102C;&#x103A; &#x1014;&#x103E;&#x1004;&#x1037;&#x103A; &#x1021;&#x101B;&#x103E;&#x1004;&#x103A;&#x101B;&#x1031;&#x101D;&#x1010;(&#x1016;&#x102C;&#x1038;&#x1021;&#x1031;&#x102C;&#x1000;&#x103A;&#x1010;&#x1031;&#x102C;&#x101B;)&#x104B;</subfield>
  </datafield>
  <datafield tag="264" ind1=" " ind2=" ">
    <subfield code="a">&#x101B;&#x1014;&#x103A;&#x1000;&#x102F;&#x1014;&#x103A; &#x104A;</subfield>
    <subfield code="b">[&#x1015;&#x100A;&#x102C;&#x1009;&#x102C;&#x100F;&#x103A;&#x101B;&#x1031;&#x102C;&#x1004;&#x103A;&#x1015;&#x102F;&#x1036;&#x1014;&#x103E;&#x102D;&#x1015;&#x103A;&#x1010;&#x102D;&#x102F;&#x1000;&#x103A;] &#x104A;</subfield>
    <subfield code="c">&#x1042;&#x1040;&#x1040;&#x1045;&#x104B;</subfield>
  </datafield>
  <datafield tag="300" ind1=" " ind2=" ">
    <subfield code="a">&#x1007;&#x104A; &#x1041;&#x1045;&#x1049; &#x1005;&#x102C;&#x1019;&#x103B;&#x1000;&#x103A;&#x1014;&#x103E;&#x102C; &#x104A;</subfield>
    <subfield code="c">&#x1042;&#x1040; &#x1005;&#x1004;&#x103A;&#x1010;&#x102E;&#x104B;</subfield>
  </datafield>
  <datafield tag="650" ind1=" " ind2=" ">
    <subfield code="a">&#x1017;&#x102F;&#x1012;&#x1039;&#x1013;&#x1018;&#x102C;&#x101E;&#x102C;</subfield>
    <subfield code="v">&#x1010;&#x101B;&#x102C;&#x1038;&#x1010;&#x1031;&#x102C;&#x103A;</subfield>
  </datafield>
  <datafield tag="700" ind1="0" ind2=" ">
    <subfield code="a">&#x101B;&#x1031;&#x101D;&#x1010;&#x104A; &#x1021;&#x101B;&#x103E;&#x1004;&#x103A;&#x104B;</subfield>
  </datafield>
  <datafield tag="942" ind1=" " ind2=" ">
    <subfield code="2">ddc</subfield>
    <subfield code="c">SHORT TERM</subfield>
    <subfield code="n">0</subfield>
  </datafield>
  <datafield tag="999" ind1=" " ind2=" ">
    <subfield code="c">2766</subfield>
    <subfield code="d">2766</subfield>
  </datafield>
</record>
